|
|
|
|
| LEADER |
00000nab a2200000ua 4500 |
| 001 |
vtls010784496 |
| 003 |
SK-MaSNL |
| 005 |
20260303120229.0 |
| 008 |
230131s1978 xo |||||||||||||||||slo| |
| 035 |
|
|
|a (urnnbn)urn:nbn:sk:snk:ar-a02ryj
|
| 035 |
|
|
|a (uuid)db967dfb-57dd-4e64-b651-efee413ab143
|
| 035 |
|
|
|a urn:nbn:sk:snk-ab4n7a
|
| 040 |
|
|
|a SNKBUCL
|b slo
|c SNKBUCL
|e AACR2
|
| 041 |
0 |
|
|a slo
|
| 044 |
|
|
|a xo
|c SK
|
| 100 |
1 |
|
|a Okáli, Ilja,
|d 1934-2002
|4 aut
|9 109204
|
| 245 |
1 |
0 |
|a PRÍRODOVEDNÉ MÚZEÁ V POĽSKEJ ĽUDOVEJ REPUBLIKE
|c Ilja Okáli
|
| 773 |
0 |
|
|t Múzeum : študijný a informačný materiál
|g Roč. 23, č. 4 (1978), s. 39-41
|
| 954 |
|
|
|a odborná, vedecká literatúra pôvodná (slovenská)
|2 lita
|
| 958 |
|
|
|a OND
|
| 958 |
|
|
|a EUIPO
|
| 958 |
|
|
|a article3
|
| 999 |
|
|
|c 1908185
|d 1910115
|